MDQL
is popping MORE tags! Check the
thread
!
Quizzes
Events
Quiz Creation
Community
Videos
Private Events
Remove Ads
Sign In
Join for FREE
Feedback
Dark Mode
Quiz Categories
Sports
Geography
Music
Movies
Television
Just For Fun
Miscellaneous
History
Literature
Language
Science
Gaming
Entertainment
Religion
Holiday
For Kids
Quiz Lab
Recent
Popular Today
Quiz Kudos Today
Editor Picks
Curator Picks
Quizzes by...
Day
Popularity
Type
Ratings
Length
Year
Community
Subscriptions
Recent Discussions
Orange Saloon
Badges
Playlists
Quests
Create
Leaderboards
Showdown
Live 5
Trivia Bingo
Activity
Puzzle Library
Sporcle Events
Private Events
Virtual Trivia
Globe League
Become a Host
Pub Owners
SporcleCon
Opinionation
Our Games
Videos
Blog
Mobile Apps
Partnerships
Remove Ads and Go Orange
Feedback
Just For Fun
Clickable
Get the Picture
Humor
Quick Pick
Word Ladder
Missing Word
Mixed Word
Blitz
Minefield
This or That
Alphabet
Color
Typing
Sporcle
Puzzle
Word Play
Follow That Line
Logic
Just For Fun
Clickable
Get the Picture
Humor
Quick Pick
Word Ladder
Missing Word
Mixed Word
Blitz
Minefield
This or That
Alphabet
Color
Typing
Sporcle
Puzzle
Word Play
Follow That Line
Logic
Random Quiz
Search Sporcle
×
Quiz Lab
Quiz Lab
Just For Fun
gum
Type in answers that appear in a list
Type in answers that appear in a list
Classic
Best Score? Go Orange.
5 Gum Stats
Can you name the 5 gum flavors?
By
dolceandgabbana9
2m
7 Questions
105 Plays
105 Plays
105 Plays
Comments
Comments
Give Quiz Kudos
Give Quiz Kudos
-
- Ratings
hide this ad
Forced Order
Answers have to be entered in order
Answers have to be entered in order
Replay
Link that replays current quiz
Next Quiz
Link to next quiz in quiz playlist
You Got
0%
They Got
Avg Score
51%
Avg Friend Score
Upgrade to see
Score Distribution
Jump to the score distribution portion of the page
Score
0/7
Timer
02:00
0
Plays Today
Description
Flavor
% Correct
'A tingling spearmint'
Rain
75.2%
'A cooling peppermint'
Cobalt
69.5%
'A sour to sweet bubble'
Zing
46.7%
'A warming cinnamon'
Flare
44.8%
'A warm and cool winter'
Solstice
43.8%
'A crisp tropical'
Lush
41.9%
'A mouthwatering berry'
Elixir
38.1%
Quiz Playlist
Details
Report
Send in Message
Add To Playlist
Classic:
Type in answers that appear in a list
Forced Order:
Answers have to be entered in order
Last Updated: Feb 16, 2017
Quiz Scoreboard
CHALLENGE
Sign Up to Join the Scoreboard
Show All
Scores
Hide
Comments
May contain spoilers
Recently Published
5x2 Blitz: Bands
by SL_Kpop136
Music
30s
Colored Red Africa Blitz
by spor1
Geography
30s
Find the 'City' Movie
by crazypaving
Movies
60s
More to Explore
Quiz From the Vault
Featured Blog Post
14 Easter Pick-up Lines to Find Eggs With
hide this ad
You Might Also Like...
Tags
description
Flavor
gum
Today's Top Quizzes in Just For Fun
Browse Just For Fun
hide this ad
Top Contributed Quizzes in Just For Fun
1
Name Just One - 10 to 1: Just For Fun
2
Avatar the Last Airbender: Logic Puzzle
3
Missing Word: 2-Letter A-Z II
4
Missing Letter Whitney Houston Songs
5
Survivor Winners Logic Puzzle
6
It's Magic / Witchcraft 🎩🪄🧙♀️
7
Missing Word: 'Of' Things A-Z
8
Shadowhunters Protagonists Logic Quiz
9
Quick 5-Color Logic (18)
10
Medium Renzoku Puzzle 11
Explore More
Trending Topics
Marvel
NBA
Harry Potter
Kpop
Crossword
Disney
Anime
Country
Pokémon
Soccer
WWE
The Office
Puzzle
NFL
Song
hide this ad
More By:
dolceandgabbana9
Quiz
Plays
Rating
Category
Featured
Created
Parts of a Cell
11,022
3.83
Science
Nov 8, 2009
Mitosis
1,625
4.13
Science
Nov 10, 2009
5 Gum
105
3.67
Just For Fun
Nov 11, 2009
Cells
43
4.00
Science
Nov 8, 2009
Go to Creator's Profile
Score Distribution
Quiz Creator Spotlight
dolceandgabbana9
Follow
Send a Message
Quizzes Created
-
Created Quiz Play Count
-
More By This Creator
Popular Quizzes Today
1
Colored Red Africa Blitz
2
Find the 'City' Movie
3
5x2 Blitz: Bands
4
Find the US States - No Outlines Minefield
5
The Countries of the World
6
Find the US States
7
US States
8
Find the Countries of Europe - No Outlines Minefield
More Just For Fun Quizzes
Quick Pick: Moon Craters Named After People
Quiz Lab
Trending Quizzes
Colored Red Europe Blitz I
Colored Red Europe Blitz II
Colored Red Africa Blitz II
Colored Red Europe Blitz III
Colored Red Africa Blitz III
Recently Updated
How Do You Spell That?
pecheneg
Godzilla Movies
pecheneg
Grab Bag: 4-10 Letters
pecheneg
2024 March Madness Bracket
pecheneg
Famous TV Couples
Peacemaker
Champions League XIs: Real Madrid
pecheneg
Largest US Cities 1790-2010
pecheneg
Rides in Walt Disney World
pecheneg
Most Oscar Losses (Acting)
pecheneg
Beyoncé Albums
pecheneg
Trending Topics
Harry Potter
Marvel
Anime
NBA
Kpop
Crossword
Disney
Pokémon
Soccer
NFL
Puzzle
The Office
WWE
Song
Country
Your Account Isn't Verified!
In order to create a playlist on Sporcle, you need to verify the email address you used during registration. Go to your
Sporcle Settings
to finish the process.
Report this User
Report this user for behavior that violates our
Community Guidelines
.
Details:
Send Report
Go to the Sporcle.com Mobile Site →
Comments